| Поле | Название | Значение |
| |
Тип записи |
a |
| |
Библиографический уровень |
a |
| 001 |
Контрольный номер |
992eb42bac184a75a754ec3e5a92e62a |
| 005 |
Дата корректировки |
20260630125258.8 |
| 040 |
Источник каталогиз. |
__ |
| e |
Правила каталог. |
PSBO |
| b |
Код языка каталог. |
rus |
| 041 |
Код языка издания |
0_ |
| a |
Код языка текста |
rus |
| 080 |
Индекс УДК |
__ |
| a |
Индекс УДК |
796.015.6 |
| 090 |
Шифры |
__ |
| a |
Полочн. индекс |
796:061.2/.3 |
| x |
Авторский знак |
М 744 |
| 100 |
Автор |
1_ |
| a |
Автор |
Барябина В.Ю. |
| q |
Полное имя |
Барябина Валентина Юрьевна |
| 245 |
Заглавие |
10 |
| a |
Заглавие |
Содержание тренировочного процесса для спортсменов с поражением опорно-двигательного аппарата при подготовке и сдаче нормативов (испытаний) ВФСК "ГТО" (на примере: пауэрлифтинг, академическая гребля) |
| c |
Ответственность |
Национальный государственный университет физической культуры, спорта и здоровья им. П.Ф. Лесгафта, Санкт-Петербург |
| c |
Ответственность |
Спортивно-оздоровительный комплекс "Ижорец", Колпино, Санкт-Петербург |
| c |
Ответственность |
Санкт-Петербургский научно-исследовательский институт физической культуры |
| c |
Ответственность |
Всероссийское общество изобретателей и рационализаторов Ломоносовского района, Ленинградская область |
| 504 |
Библиография |
__ |
| a |
Библиография |
Библиогр.: с. 229–230 (8 назв.) |
| 520 |
Аннотация |
0_ |
| a |
Аннотация |
В статье рассматриваем содержание тренировочного процесса спортсменов спорта лиц с поражением ОДА в пауэрлифтинге и академической гребле, которая способствует сдачи нормативов ВФСК «ГТО». |
| 650 |
Тематические рубрики |
04 |
| a |
Предметная рубрика |
ФИЗКУЛЬТУРА И СПОРТ |
| 650 |
Тематические рубрики |
04 |
| a |
Предметная рубрика |
ТРУДЫ СОТРУДНИКОВ |
| 653 |
Ключевые слова |
0_ |
| a |
Ключевые слова |
АДАПТИВНЫЙ СПОРТ; АДАПТИВНАЯ ФИЗИЧЕСКАЯ КУЛЬТУРА; СПОРТСМЕНЫ С ОГРАНИЧЕННЫМИ ВОЗМОЖНОСТЯМИ; ПОРАЖЕНИЯ ОПОРНО-ДВИГАТЕЛЬНОГО АППАРАТА; ГРЕБЛЯ АКАДЕМИЧЕСКАЯ; ПАУЭРЛИФТИНГ |
| 700 |
Другие авторы |
12 |
| a |
Другие авторы |
Сидорцова Ю.С. |
| q |
Полное имя |
Сидорцова Юлия Сергеевна |
| 700 |
Другие авторы |
12 |
| a |
Другие авторы |
Детков А.К. |
| q |
Полное имя |
Детков Александр Константинович |
| 773 |
Источник информации |
18 |
| t |
Название источника |
Модернизация массовой физической культуры и любительского спорта в современных условиях : сборник материалов научно-практической конференции с международным участием, посвященной 130-летию НГУ им. П.Ф. Лесгафта, Санкт-Петербург (4 марта 2026 г.) |
| d |
Место и дата издания |
Санкт-Петербург, 2026 |
| g |
Прочая информация |
С. 225–230 |
| 901 |
Тип документа |
__ |
| t |
Тип документа |
a |